[Event "CZE-chT2c 0607"]
[Site "Czech Republic"]
[Date "2007.02.11"]
[Round "7.5"]
[White "Buchar, Petr"]
[Black "Knizek, Jan"]
[Result "1/2-1/2"]
[WhiteElo "2101"]
[BlackElo "2182"]
[PlyCount "38"]
[EventDate "2006.10.15"]
[EventType "team"]
[EventRounds "11"]
[EventCountry "CZE"]
[SourceTitle "EXT 2008"]
[Source "ChessBase"]
[SourceDate "2007.11.25"]
[SourceVersion "1"]
[SourceVersionDate "2007.11.25"]
[SourceQuality "1"]
[WhiteTeam "Vrchlabi"]
[BlackTeam "Lysa nad Labem"]
[WhiteTeamCountry "CZE"]
[BlackTeamCountry "CZE"]

1. f4 Nf6 2. Nf3 g6 3. g3 Bg7 4. d3 d5 5. Bg2 0-0 6. 0-0 c5 7. c3 Nc6 8. Qe1 d4 9. c4 Re8 10. Na3 Ng4 11. Nc2 e5 12. h3 Nf6 13. Nxe5 Nxe5 14. fxe5 Rxe5 15. Bf4 Re8 16. Qf2 a5 17. Bg5 Ra6 18. g4 h6 19. Bd2 g5 1/2-1/2

[Event "CZE-chT2 0102"]
[Site "Czech Republic"]
[Date "2002.01.27"]
[Round "8.4"]
[White "Krouzel, Jaroslav"]
[Black "Knizek, Jan"]
[Result "1/2-1/2"]
[WhiteElo "2215"]
[BlackElo "2215"]
[PlyCount "34"]
[EventDate "2001.10.??"]
[EventType "team"]
[EventRounds "11"]
[EventCountry "CZE"]
[SourceTitle "EXT 2006"]
[Source "ChessBase"]
[SourceDate "2005.11.24"]
[SourceVersion "1"]
[SourceVersionDate "2005.11.24"]
[SourceQuality "1"]

1. d4 Nf6 2. c4 g6 3. Nc3 Bg7 4. e4 d6 5. Be2 0-0 6. Bg5 c5 7. d5 e6 8. Nf3 h6 9. Bd2 e5 10. 0-0 Nh5 11. Qc1 Kh7 12. Ne1 Nf6 13. f4 exf4 14. Bxf4 Qe7 15. Bf3 Nbd7 16. Nd3 Ng8 17. Qd2 Ne5 1/2-1/2

[Event "CZE-chTV 0001"]
[Site "Czech Republic"]
[Date "2000.??.??"]
[Round "3"]
[White "Knizek, Jan"]
[Black "Kotrba, Tomas"]
[Result "1/2-1/2"]
[WhiteElo "2220"]
[BlackElo "2190"]
[PlyCount "35"]
[EventDate "2000.??.??"]
[EventType "team"]
[EventRounds "11"]
[EventCountry "CZE"]
[SourceTitle "EXT 2003"]
[Source "ChessBase"]
[SourceDate "2002.11.25"]
[SourceVersion "1"]
[SourceVersionDate "2002.11.25"]
[SourceQuality "1"]

1. c4 Nf6 2. Nc3 e6 3. g3 d5 4. d4 c5 5. cxd5 cxd4 6. Qxd4 Nc6 7. Qa4 exd5 8. Nf3 d4 9. Nb5 a6 10. Bg2 Bd7 11. Na3 Bb4+ 12. Bd2 Bxd2+ 13. Nxd2 0-0 14. 0-0 Re8 15. Rfe1 b5 16. Qd1 Qb6 17. Rc1 Rad8 18. Nb3 1/2-1/2

[Event "CZE-chTV 0001"]
[Site "Czech Republic"]
[Date "2000.??.??"]
[Round "2"]
[White "Knizek, Jan"]
[Black "Nemec, Pavel"]
[Result "0-1"]
[WhiteElo "2220"]
[BlackElo "2300"]
[PlyCount "96"]
[EventDate "2000.??.??"]
[EventType "team"]
[EventRounds "11"]
[EventCountry "CZE"]
[SourceTitle "EXT 2002"]
[Source "ChessBase"]
[SourceDate "2001.11.25"]
[SourceVersion "1"]
[SourceVersionDate "2001.11.25"]
[SourceQuality "1"]

1. c4 Nf6 2. Nc3 g6 3. e4 d6 4. d4 Bg7 5. f3 0-0 6. Nge2 Nc6 7. Be3 a6 8. Qd2 Re8 9. Bh6 Bh8 10. h4 e5 11. d5 Nd4 12. Nxd4 exd4 13. Ne2 c5 14. Ng3 b5 15. b3 a5 16. Bd3 a4 17. 0-0 b4 18. h5 Nd7 19. Bg5 f6 20. Bf4 Qe7 21. hxg6 hxg6 22. Ne2 Ne5 23. Bxe5 fxe5 24. Qh6 Qg7 25. Qxg7+ Bxg7 26. Bc2 Bd7 27. f4 exf4 28. Bd3 g5 29. g3 f3 30. Nc1 g4 31. bxa4 Bh6 32. Kf2 Be3+ 33. Ke1 Kg7 34. Nb3 Rxa4 35. Bc2 Ra3 36. Rh1 Re5 37. Kd1 Bf2 38. Nc1 Bxg3 39. Nd3 Rxd3+ 40. Bxd3 Bf4 41. Kc2 g3 42. Rh4 Bg5 43. Rh5 Bg4 44. Rhh1 g2 45. Rhb1 f2 46. a3 b3+ 47. Kxb3 Be3 48. Kc2 g1Q 0-1

[Event "CZE-chTV 9900"]
[Site "Czech Republic"]
[Date "1999.??.??"]
[Round "?"]
[White "Knizek, Jan"]
[Black "Makes, Martin"]
[Result "1-0"]
[WhiteElo "2210"]
[BlackElo "2155"]
[PlyCount "55"]
[EventDate "1999.??.??"]
[EventType "team"]
[EventRounds "11"]
[EventCountry "CZE"]
[SourceTitle "EXT 2002"]
[Source "ChessBase"]
[SourceDate "2001.11.25"]
[SourceVersion "1"]
[SourceVersionDate "2001.11.25"]
[SourceQuality "1"]

1. d4 d5 2. c4 e6 3. Nc3 Nf6 4. Nf3 c6 5. Bg5 Nbd7 6. e3 Qa5 7. Qc2 Ne4 8. c5 b6 9. cxb6 Bb4 10. Rc1 axb6 11. Bd3 Bxc3+ 12. bxc3 Nxg5 13. Nxg5 h6 14. Nf3 Qxa2 15. Qd1 b5 16. 0-0 0-0 17. Bb1 Qa3 18. Ne5 Nxe5 19. dxe5 f5 20. exf6 Rxf6 21. Qd3 e5 22. Qh7+ Kf7 23. e4 Qc5 24. h4 Ra3 25. h5 d4 26. cxd4 Qxd4 27. Rcd1 Qb6 28. Qh8 1-0

[Event "CZE-chT2V 9899"]
[Site "Czech Republic"]
[Date "1999.??.??"]
[Round "?"]
[White "Knizek, Jan"]
[Black "Muron, Miroslav"]
[Result "1-0"]
[WhiteElo "2205"]
[BlackElo "2190"]
[PlyCount "59"]
[EventDate "1998.??.??"]
[EventType "team"]
[EventRounds "11"]
[EventCountry "CZE"]
[SourceTitle "EXT 2000"]
[Source "ChessBase"]
[SourceDate "1999.11.16"]
[SourceVersion "1"]
[SourceVersionDate "1999.11.16"]
[SourceQuality "1"]

1. c4 c5 2. Nc3 Nc6 3. Nf3 g6 4. g3 Bg7 5. Bg2 Nf6 6. d4 cxd4 7. Nxd4 Nxd4 8. Qxd4 0-0 9. 0-0 d6 10. Qh4 Re8 11. h3 Rb8 12. Bh6 Bh8 13. Rac1 a6 14. Rfd1 Qa5 15. Bd2 b5 16. cxb5 axb5 17. Bc6 Bd7 18. Bxd7 Nxd7 19. Nd5 Qd8 20. Bg5 f6 21. Be3 Ne5 22. Nc7 g5 23. Qe4 Rf8 24. Ne6 Qd7 25. Nxf8 Rxf8 26. Qd5+ Rf7 27. Kg2 Bg7 28. b3 h5 29. Bd4 f5 30. Bxe5 1-0

[Event "CZE-chTV"]
[Site "Czech Republic"]
[Date "1998.??.??"]
[Round "?"]
[White "Hlavnicka, Jiri"]
[Black "Knizek, Jan"]
[Result "1/2-1/2"]
[WhiteElo "2205"]
[BlackElo "2205"]
[PlyCount "32"]
[EventDate "1998.??.??"]
[EventType "team"]
[EventRounds "11"]
[EventCountry "CZE"]
[SourceTitle "EXT 2003"]
[Source "ChessBase"]
[SourceDate "2002.11.25"]
[SourceVersion "1"]
[SourceVersionDate "2002.11.25"]
[SourceQuality "1"]

1. e4 c5 2. Nf3 d6 3. d4 cxd4 4. Nxd4 Nf6 5. Nc3 g6 6. Be3 Bg7 7. Be2 Nc6 8. Nb3 Be6 9. 0-0 0-0 10. f4 Qc8 11. Bf3 Bg4 12. h3 Bxf3 13. Qxf3 Nb4 14. Rf2 a5 15. a4 Qc4 16. Nd2 Qe6 1/2-1/2

[Event "CZE-chT2V 9899"]
[Site "Czech Republic"]
[Date "1998.??.??"]
[Round "?"]
[White "Knizek, Jan"]
[Black "Efler, Lukas"]
[Result "1-0"]
[WhiteElo "2205"]
[BlackElo "2300"]
[PlyCount "91"]
[EventDate "1998.??.??"]
[EventType "team"]
[EventRounds "11"]
[EventCountry "CZE"]
[SourceTitle "EXT 2000"]
[Source "ChessBase"]
[SourceDate "1999.11.16"]
[SourceVersion "1"]
[SourceVersionDate "1999.11.16"]
[SourceQuality "1"]

1. Nf3 Nf6 2. c4 e6 3. Nc3 b6 4. e4 Bb7 5. d3 d6 6. g3 Be7 7. Bg2 0-0 8. 0-0 c5 9. Re1 e5 10. Nd2 Nc6 11. f4 Nd4 12. f5 h6 13. Ne2 g5 14. Nxd4 cxd4 15. g4 Kg7 16. Kf2 Rh8 17. Bf3 Qc7 18. Rh1 Rag8 19. Nf1 Kf8 20. Ng3 Ke8 21. b4 Kd7 22. Bd2 h5 23. Nxh5 Rxh5 24. gxh5 g4 25. Bg2 Nxh5 26. h3 Bh4+ 27. Kg1 Nf6 28. hxg4 Rxg4 29. Rxh4 Rxh4 30. Bg5 Rh7 31. Bxf6 b5 32. cxb5 d5 33. Qg4 Qc3 34. Rd1 Qc2 35. Bxe5 dxe4 36. f6+ Ke8 37. dxe4 d3 38. Rf1 Rh8 39. Qg7 Rf8 40. Qg4 d2 41. Bd6 Rh8 42. Bc5 a5 43. Qg7 d1Q 44. Qxh8+ Kd7 45. Bh3+ Kc7 46. b6+ 1-0

[Event "CZE-chT2V 9899"]
[Site "Czech Republic"]
[Date "1998.??.??"]
[Round "?"]
[White "Mares, Vaclav"]
[Black "Knizek, Jan"]
[Result "0-1"]
[WhiteElo "2020"]
[BlackElo "2210"]
[PlyCount "100"]
[EventDate "1998.??.??"]
[EventType "team"]
[EventRounds "11"]
[EventCountry "CZE"]
[SourceTitle "EXT 2000"]
[Source "ChessBase"]
[SourceDate "1999.11.16"]
[SourceVersion "1"]
[SourceVersionDate "1999.11.16"]
[SourceQuality "1"]

1. c4 e5 2. Nc3 Nc6 3. e4 Bc5 4. d3 d6 5. Be3 f5 6. g3 Nf6 7. Bg2 f4 8. Bxc5 dxc5 9. gxf4 exf4 10. Qd2 Ne5 11. 0-0-0 Bg4 12. f3 Bh5 13. Nge2 g5 14. Rhf1 c6 15. b3 Qe7 16. d4 cxd4 17. Nxd4 0-0-0 18. Qc2 g4 19. Kb2 Nxf3 20. Nxf3 Rxd1 21. Qxd1 gxf3 22. Bxf3 Rd8 23. Qe2 Qe5 24. Kc2 Bg6 25. Re1 Nd7 26. Bg4 Kc7 27. Rd1 Nf6 28. Bf3 Rxd1 29. Qxd1 Nxe4 30. Bxe4 Bxe4+ 31. Nxe4 Qxe4+ 32. Qd3 Qg2+ 33. Kc3 Qxh2 34. Qf5 Qg3+ 35. Kb4 Qe1+ 36. Ka4 Qe3 37. Qf7+ Kb6 38. Qf8 f3 39. Qd8+ Kc5 40. Qf8+ Kd4 41. Qg7+ Kd3 42. Qxh7+ Qe4 43. Qd7+ Ke2 44. Qh3 b5+ 45. Kb4 f2 46. Qh2 bxc4 47. bxc4 Qe3 48. a4 Ke1 49. Qh4 Kd1 50. Qf6 Qe1+ 0-1

[Event "CZE-chT1b 9697"]
[Site "Czech Republic"]
[Date "1997.??.??"]
[Round "?"]
[White "Hrubant, Ivan"]
[Black "Knizek, Jan"]
[Result "1/2-1/2"]
[WhiteElo "2155"]
[BlackElo "2195"]
[PlyCount "54"]
[EventDate "1996.??.??"]
[EventType "team"]
[EventRounds "11"]
[EventCountry "CZE"]
[SourceTitle "EXT 1998"]
[Source "ChessBase"]
[SourceDate "1997.11.17"]
[SourceVersion "1"]
[SourceVersionDate "1997.11.17"]
[SourceQuality "1"]

1. d4 Nf6 2. c4 g6 3. Nc3 Bg7 4. e4 d6 5. Nf3 0-0 6. Be2 c5 7. 0-0 cxd4 8. Nxd4 Nc6 9. Be3 Ng4 10. Bxg4 Bxg4 11. f3 Be6 12. Nd5 Rc8 13. Rc1 Bxd5 14. exd5 Nxd4 15. Bxd4 Bxd4+ 16. Qxd4 Qa5 17. a3 Qc5 18. Qxc5 Rxc5 19. Rfe1 Rc7 20. a4 Rfc8 21. b3 a5 22. Re4 Re8 23. Rce1 Kg7 24. Kf2 Kf6 25. Rf4+ Kg7 26. Rfe4 Kf6 27. Rf4+ Kg7 1/2-1/2

[Event "CZE-chT1b 9697"]
[Site "Czech Republic"]
[Date "1997.??.??"]
[Round "?"]
[White "Knizek, Jan"]
[Black "Lorenc, Oldrich"]
[Result "1/2-1/2"]
[WhiteElo "2195"]
[BlackElo "2235"]
[PlyCount "90"]
[EventDate "1996.??.??"]
[EventType "team"]
[EventRounds "11"]
[EventCountry "CZE"]
[SourceTitle "EXT 1998"]
[Source "ChessBase"]
[SourceDate "1997.11.17"]
[SourceVersion "1"]
[SourceVersionDate "1997.11.17"]
[SourceQuality "1"]

1. Nf3 Nf6 2. c4 g6 3. Nc3 Bg7 4. g3 0-0 5. Bg2 d5 6. cxd5 Nxd5 7. 0-0 e5 8. Qc2 c6 9. Rb1 a5 10. a3 Na6 11. d3 h6 12. Bd2 Be6 13. Na4 Kh7 14. b4 axb4 15. axb4 Ndc7 16. Nb6 Nb5 17. Nxa8 Na3 18. Qa4 Nxb1 19. Rxb1 Qxa8 20. Qa5 Bd5 21. b5 Nc5 22. bxc6 Qxa5 23. Bxa5 Bxc6 24. Bb4 b6 25. Bc3 Bxf3 26. Bxf3 Rb8 27. Bd2 Ne6 28. Be3 Nd4 29. Bxd4 exd4 30. Bd5 f5 31. e4 fxe4 32. Bxe4 Bf8 33. Ra1 Kg7 34. Ra7+ Kf6 35. Rb7 Rxb7 36. Bxb7 b5 37. Ba6 b4 38. Bc4 g5 39. Kg2 Kf5 40. h3 h5 41. Kf3 g4+ 42. hxg4+ hxg4+ 43. Kg2 Bh6 44. Bb3 Bd2 45. Kf1 Bg5 1/2-1/2

[Event "CSR-chT 9091"]
[Site "Czechoslovakia"]
[Date "1991.03.17"]
[Round "12.5"]
[White "Knizek, Jan"]
[Black "Praszak, Michal"]
[Result "1/2-1/2"]
[WhiteElo "2225"]
[BlackElo "2230"]
[PlyCount "117"]
[EventDate "1990.??.??"]
[EventType "team"]
[EventRounds "14"]
[EventCountry "CSR"]
[SourceTitle "EXT 2002"]
[Source "ChessBase"]
[SourceDate "2001.11.25"]
[SourceVersion "1"]
[SourceVersionDate "2001.11.25"]
[SourceQuality "1"]

1. e4 c5 2. Nc3 Nc6 3. g3 g6 4. Bg2 Bg7 5. d3 e6 6. Be3 d6 7. f4 Nge7 8. Nf3 Nd4 9. 0-0 0-0 10. e5 Nef5 11. Bf2 Nxf3+ 12. Qxf3 Nd4 13. Qd1 dxe5 14. fxe5 Bxe5 15. Ne4 Nf5 16. c3 c4 17. dxc4 Qc7 18. c5 Bd7 19. Qc2 Bc6 20. Rad1 Rad8 21. Rxd8 Rxd8 22. Rd1 h5 23. Rxd8+ Qxd8 24. Qd2 Qc7 25. Qg5 h4 26. gxh4 Bxh2+ 27. Kh1 Bf4 28. Qg4 Kg7 29. h5 Ne3 30. Bxe3 Bxe3 31. hxg6 f5 32. Qh3 Bh6 33. Nd6 Kxg6 34. Bxc6 bxc6 35. Qg3+ Bg5 36. Kg2 Qb8 37. b4 Qg8 38. Qf3 Qh8 39. Qxc6 Qf6 40. Qe8+ Kg7 41. c6 Bf4 42. c7 Qg5+ 43. Kf1 Bxd6 44. Qd7+ Kf6 45. c8Q Qc1+ 46. Ke2 Qc2+ 47. Ke3 Qc1+ 48. Kd3 Qd1+ 49. Ke3 Qe1+ 50. Kf3 Qf1+ 51. Ke3 Qe1+ 52. Kf3 Qd1+ 53. Ke3 f4+ 54. Kf2 Qd2+ 55. Kf1 Qc1+ 56. Kf2 Qe3+ 57. Kf1 Qc1+ 58. Kf2 Qe3+ 59. Kf1 1/2-1/2

[Event "CSR-chT 9091"]
[Site "Czechoslovakia"]
[Date "1991.02.24"]
[Round "10.4"]
[White "Tichy, Vladimir"]
[Black "Knizek, Jan"]
[Result "1/2-1/2"]
[WhiteElo "2400"]
[BlackElo "2225"]
[PlyCount "79"]
[EventDate "1990.??.??"]
[EventType "team"]
[EventRounds "14"]
[EventCountry "CSR"]
[SourceTitle "EXT 2002"]
[Source "ChessBase"]
[SourceDate "2001.11.25"]
[SourceVersion "1"]
[SourceVersionDate "2001.11.25"]
[SourceQuality "1"]

1. c4 Nf6 2. Nc3 g6 3. g3 Bg7 4. Bg2 0-0 5. e4 d6 6. Nge2 c5 7. h3 Nc6 8. d3 a6 9. 0-0 Rb8 10. a4 Ne8 11. Be3 Nd4 12. Rb1 Nc7 13. b4 Nce6 14. f4 Nxe2+ 15. Nxe2 Nd4 16. Nxd4 cxd4 17. Bd2 b6 18. f5 e6 19. g4 Kh8 20. Qf3 exf5 21. exf5 gxf5 22. gxf5 Bb7 23. Qf2 Bxg2 24. Kxg2 Be5 25. Bf4 f6 26. Bxe5 dxe5 27. Qf3 Qd7 28. b5 axb5 29. axb5 Ra8 30. Ra1 Rxa1 31. Rxa1 Rg8+ 32. Kh2 e4 33. dxe4 Qc7+ 34. Kh1 Qxc4 35. e5 fxe5 36. f6 Qc3 37. Qf1 Qe3 38. f7 Qe4+ 39. Kh2 Qc2+ 40. Kh1 1/2-1/2

[Event "CSR-chT 9091"]
[Site "Czechoslovakia"]
[Date "1991.02.23"]
[Round "9.4"]
[White "Knizek, Jan"]
[Black "Lastovicka, Zdenek"]
[Result "0-1"]
[WhiteElo "2225"]
[BlackElo "2325"]
[PlyCount "50"]
[EventDate "1990.??.??"]
[EventType "team"]
[EventRounds "14"]
[EventCountry "CSR"]
[SourceTitle "EXT 2002"]
[Source "ChessBase"]
[SourceDate "2001.11.25"]
[SourceVersion "1"]
[SourceVersionDate "2001.11.25"]
[SourceQuality "1"]

1. e4 c5 2. Nf3 Nf6 3. Nc3 Nc6 4. Bb5 a6 5. Bxc6 dxc6 6. d3 g6 7. Be3 b6 8. h3 Bg7 9. Qd2 0-0 10. 0-0-0 a5 11. g4 a4 12. Bh6 b5 13. e5 Nd5 14. Ne4 Qb6 15. Rdg1 c4 16. Bxg7 Kxg7 17. Ng3 Rh8 18. Nh5+ gxh5 19. gxh5+ Kf8 20. Qg5 Ke8 21. Qg7 Rf8 22. Ng5 Bf5 23. Ne4 cxd3 24. Rg5 Bxe4 25. Rhg1 Kd7 0-1

[Event "CSR-chT 9091"]
[Site "Czechoslovakia"]
[Date "1991.01.19"]
[Round "5.4"]
[White "Knizek, Jan"]
[Black "Jankovec, Ivan"]
[Result "1/2-1/2"]
[WhiteElo "2225"]
[BlackElo "2240"]
[PlyCount "93"]
[EventDate "1990.??.??"]
[EventType "team"]
[EventRounds "14"]
[EventCountry "CSR"]
[SourceTitle "EXT 2002"]
[Source "ChessBase"]
[SourceDate "2001.11.25"]
[SourceVersion "1"]
[SourceVersionDate "2001.11.25"]
[SourceQuality "1"]

1. e4 c5 2. Nc3 Nc6 3. g3 g6 4. Bg2 Bg7 5. d3 e6 6. Be3 d6 7. f4 Nge7 8. Nf3 Nd4 9. 0-0 0-0 10. e5 Nxf3+ 11. Qxf3 Nf5 12. Bf2 Nd4 13. Qd1 d5 14. Na4 b6 15. b4 Qe8 16. c3 Bd7 17. Nb2 Nb5 18. bxc5 Nxc3 19. Qd2 Na4 20. Nxa4 Bxa4 21. cxb6 axb6 22. Bxb6 Qc6 23. Be3 Qc2 24. Rfc1 Qxd2 25. Bxd2 Rfc8 26. Rxc8+ Rxc8 27. Rc1 Rc2 28. Rxc2 Bxc2 29. d4 Bf8 30. Bc1 Bb4 31. Bb2 Bd3 32. Bf1 Bxf1 33. Kxf1 Kf8 34. Ke2 Ke7 35. Bc1 Kd7 36. Bd2 Be7 37. Kd3 Kc6 38. Kc3 Kb5 39. Kb3 h5 40. a4+ Ka6 41. Bb4 Bd8 42. h3 Bb6 43. Bc3 Bd8 44. Be1 Bb6 45. Bc3 Bd8 46. Be1 Bb6 47. Bc3 1/2-1/2

[Event "Hartberg op"]
[Site "Hartberg"]
[Date "1991.??.??"]
[Round "6"]
[White "Knizek, Jan"]
[Black "Baburin, Alexander"]
[Result "0-1"]
[WhiteElo "2225"]
[BlackElo "2470"]
[PlyCount "80"]
[EventDate "1991.07.??"]
[EventType "swiss"]
[EventRounds "9"]
[EventCountry "AUT"]
[SourceTitle "EXT 1997"]
[Source "ChessBase"]
[SourceDate "1996.11.15"]
[SourceVersion "1"]
[SourceVersionDate "1996.11.15"]
[SourceQuality "1"]

1. Nf3 d5 2. d4 Nf6 3. e3 e6 4. Bd3 c5 5. c3 Nc6 6. Nbd2 Qc7 7. 0-0 Bd6 8. dxc5 Bxc5 9. e4 Bd7 10. a3 0-0-0 11. b4 Bd6 12. exd5 exd5 13. Bb2 Bg4 14. h3 Bxf3 15. Nxf3 Kb8 16. Nd4 Nxd4 17. cxd4 Ne4 18. Bxe4 dxe4 19. Qg4 Rhe8 20. Rac1 Qe7 21. Rfe1 g6 22. Rcd1 h5 23. Qe2 Qh4 24. Bc1 f5 25. Qf1 f4 26. f3 e3 27. Re2 Qf6 28. Bb2 g5 29. Rc2 g4 30. Kh2 Qg6 31. Re2 Rc8 32. Rc1 Rxc1 33. Bxc1 Rg8 34. Bb2 Qf5 35. Bc3 Qd3 36. Bb2 Rc8 37. Re1 Qxf1 38. Rxf1 gxf3 39. Rxf3 e2 40. Bc3 Rxc3 0-1

[Event "CSR-chT 9091"]
[Site "Czechoslovakia"]
[Date "1990.12.08"]
[Round "3.3"]
[White "Lisko, Frantisek"]
[Black "Knizek, Jan"]
[Result "1-0"]
[WhiteElo "2330"]
[BlackElo "2225"]
[PlyCount "72"]
[EventDate "1990.??.??"]
[EventType "team"]
[EventRounds "14"]
[EventCountry "CSR"]
[SourceTitle "EXT 2002"]
[Source "ChessBase"]
[SourceDate "2001.11.25"]
[SourceVersion "1"]
[SourceVersionDate "2001.11.25"]
[SourceQuality "1"]

1. d4 Nf6 2. c4 d6 3. Nf3 Nbd7 4. Nc3 e5 5. e4 c6 6. Be2 Be7 7. 0-0 0-0 8. Rb1 Re8 9. b4 Bf8 10. Qc2 Qc7 11. Rb2 a6 12. Be3 b6 13. h3 Bb7 14. d5 c5 15. a3 Rab8 16. Nh2 g6 17. Ng4 h5 18. Nh6+ Kg7 19. g4 hxg4 20. hxg4 Ng8 21. Qd2 Qd8 22. Kg2 Be7 23. Rh1 Nxh6 24. Bxh6+ Kg8 25. Qe3 Bf8 26. Rbb1 f6 27. g5 Bxh6 28. Rxh6 Nf8 29. Qh3 Bc8 30. Bg4 Bxg4 31. Qxg4 Qc8 32. Qh4 fxg5 33. Qxg5 Rb7 34. Rbh1 Rg7 35. Qf6 Qg4+ 36. Kf1 Nh7 1-0

[Event "CSR-chT 9091"]
[Site "Czechoslovakia"]
[Date "1990.11.11"]
[Round "2.5"]
[White "Knizek, Jan"]
[Black "Nun, Josef"]
[Result "0-1"]
[WhiteElo "2225"]
[BlackElo "2370"]
[PlyCount "112"]
[EventDate "1990.??.??"]
[EventType "team"]
[EventRounds "14"]
[EventCountry "CSR"]
[SourceTitle "EXT 2002"]
[Source "ChessBase"]
[SourceDate "2001.11.25"]
[SourceVersion "1"]
[SourceVersionDate "2001.11.25"]
[SourceQuality "1"]

1. e4 c5 2. Nc3 e6 3. g3 d5 4. d3 d4 5. Nce2 f5 6. Bg2 fxe4 7. Bxe4 Nf6 8. Bg2 Bd6 9. c3 Nc6 10. Nf3 e5 11. 0-0 0-0 12. cxd4 cxd4 13. Ng5 Kh8 14. f4 h6 15. Ne4 Nxe4 16. Bxe4 Bh3 17. Bg2 Bxg2 18. Kxg2 exf4 19. Bxf4 g5 20. Bxd6 Qxd6 21. Qb3 Rae8 22. Rxf8+ Qxf8 23. Ng1 Qg8 24. Qxg8+ Kxg8 25. Rd1 Re3 26. Rd2 Ne5 27. Re2 Rxe2+ 28. Nxe2 Nxd3 29. Nxd4 Nxb2 30. Kf3 Na4 31. Nf5 Kh7 32. Nd6 Nc3 33. Nxb7 Nxa2 34. Na5 Nb4 35. Ke4 Kg6 36. h3 Kf6 37. h4 g4 38. Kf4 h5 39. Nb3 Nc6 40. Ke4 a5 41. Nc5 Ne7 42. Kf4 Nd5+ 43. Ke4 Nb6 44. Kd4 Kg6 45. Nd3 Nc8 46. Nf4+ Kh6 47. Kc5 Ne7 48. Kb5 Nf5 49. Ne2 Kg7 50. Kxa5 Kf6 51. Kb4 Ke5 52. Kc3 Ke4 53. Kd2 Kf3 54. Nf4 Nxg3 55. Nd5 Nf5 56. Nf6 Ng3 0-1